000 00217nam a2200085Ia 4500
008 120527s9999 xx 000 0 und d
100 _aSNYDER,W.James.
245 _a1991 year book of clinical micriobiology.
942 _cBK
999 _c24049
_d24049